International Kierkegaard commentary: (Record no. 131632)
[ view plain ]
| 000 -LEADER | |
|---|---|
| fixed length control field | 00597nam a22001697a 4500 |
| 008 - FIXED-LENGTH DATA ELEMENTS--GENERAL INFORMATION | |
| fixed length control field | 230220b |||||||| |||| 00| 0 eng d |
| 020 ## - INTERNATIONAL STANDARD BOOK NUMBER | |
| International Standard Book Number | 0865542716 |
| 050 ## - LIBRARY OF CONGRESS CALL NUMBER | |
| Classification number | B4376.I58 1984 |
| 100 ## - MAIN ENTRY--PERSONAL NAME | |
| Personal name | Perkins Robert L. |
| 9 (RLIN) | 52186 |
| 245 ## - TITLE STATEMENT | |
| Title | International Kierkegaard commentary: |
| Remainder of title | Sickenss unto death. |
| Statement of responsibility, etc | Robert L. Perkins. |
| 260 ## - PUBLICATION, DISTRIBUTION, ETC. (IMPRINT) | |
| Place of publication, distribution, etc | United States of America |
| Name of publisher, distributor, etc | Mercer University Press, |
| Date of publication, distribution, etc | 1984. |
| 300 ## - PHYSICAL DESCRIPTION | |
| Extent | 264p |
| Other physical details | xii, |
| Dimensions | 23cm |
| 650 ## - SUBJECT ADDED ENTRY--TOPICAL TERM | |
| Topical term or geographic name as entry element | Kierkegaard,Soren,1813-1855.Sygdommen tildoden |
| 9 (RLIN) | 52187 |
| 650 ## - SUBJECT ADDED ENTRY--TOPICAL TERM | |
| Topical term or geographic name as entry element | sin |
| 9 (RLIN) | 25138 |
| 650 ## - SUBJECT ADDED ENTRY--TOPICAL TERM | |
| Topical term or geographic name as entry element | despair.I.Perkins,Robert L,.1930. |
| 9 (RLIN) | 52188 |
| 942 ## - ADDED ENTRY ELEMENTS (KOHA) | |
| Source of classification or shelving scheme | Library of Congress Classification |
| Item type | Monograph ( Printed materials) |
| Withdrawn status | Lost status | Source of classification or shelving scheme | Damaged status | Not for loan | Home library | Current library | Shelving location | Date acquired | Total Checkouts | Full call number | Date last seen | Price effective from | Koha item type |
|---|---|---|---|---|---|---|---|---|---|---|---|---|---|
| Library of Congress Classification | ARRUPE LIBRARY | ARRUPE LIBRARY | Main Collection | 20/02/2023 | B4376.I58 1984 | 20/02/2023 | 20/02/2023 | Monograph ( Printed materials) |